Famous TV Game Shows Quiz Stats

 Plays Quiz Updated Dec 8, 2014

Score 0/20 Timer 06:00
2 Plays Today
Description Game Show % Correct
Players compete to accurately determine the retail cost of prizes.The Price Is Right
97.6%
Teams related by blood or marriage compete to identify popular survey responses.Family Feud
92.5%
Players provide questions to specific answers in a number of categories.Jeopardy!
86.7%
As in hangman, players try to identify a word or phrase by guessing letters.Wheel Of Fortune
81.9%
A single player faces increasingly difficult multiple-choice trivia questions on random subjects.Who Wants To Be A Millionaire
80.1%
Recently married couples compete to find which two best know each other.The Newlywed Game
79.7%
Players try to determine if a celebrity's answer is accurate to win in tic-tac-toe.The Hollywood Squares
73.4%
A quiz show that features adult contestants and questions directly from the textbooks of first through fifth graders.Are You Smarter Than a 5th Grader?
72.9%
Often-costumed players trade everyday objects for unknown prizes.Let's Make A Deal
64.2%
Players compete to identify popular songs in as little time or few notes as possible.Name That Tune
63%
Description Game Show % Correct
A single person blind-interviews three potential romantic interests.The Dating Game
62.4%
Celebrities judge talent, and use a large brass percussion device to indicate disfavor.The Gong Show
58.5%
Contestants pursue the international thief as junior detectives who must answer questions about geography.Where in the World is Carmen Sandiego?
53.4%
Celebrities and players team up to play a game of word association.Password
41.2%
Players try to stop rotating lights on a rectangular board while avoiding specific selections.Press Your Luck / Whammy
36.9%
Players compete to face one-on-one a Nixon speechwriter in a general knowledge contestWin Ben Stein's Money
36.3%
Celebrities and players team up to identify items in a list or a category based on items in it.The $10,000 Pyramid
34.5%
Celebrities attempt to find which of 3 players making the same claim are liars.To Tell The Truth
31.6%
Shown an oversized playing card, the player must guess if the next card will be higher or lowerCard Sharks
29.7%
Teams of celebrities compete in charades, but using artwork instead of mimingWin, Lose Or Draw
29.7%

You're not logged in!

Compare scores with friends on all Sporcle quizzes.
OR
Log In

Sporcle TV

Today on Sporcle TV


Watch our educational content, quiz creation guides, and fun videos on Sporcle TV.

Show Comments

Extras

Top Quizzes Today


Score Distribution

Your Account Isn't Verified!

In order to create a playlist on Sporcle, you need to verify the email address you used during registration. Go to your Sporcle Settings to finish the process.

Report this User

Report this user for behavior that violates our Community Guidelines.

Details: